00402nam a22001337a 450000500170000000800410001704100130005808200140007110000230008524500540010826000500016230000310021265000250024320231031142217.0231031b |||||||| |||| 00| 0 eng d aEnglish  a346.6 NAT aNathan M lEnglish aThe South African Law of Partnership / cM Nathan aJohannesburg : bThe Transvaal Leader, c1913 bxv, 136 pages ;c22,5 cm.  alegal practice bLaw